000 00291nam a22001337a 4500
082 _a823
_bDIC/O
100 _aDICKENS, CHARLES
245 _aOLIVER TWIST
246 _aOLIVER TWIST
_bOLIVER TWIST
260 _aNEW DELHI
_bBOOK FORD
300 _a105
650 _aENGLISH STORY
942 _cBK
999 _c8715
_d8715